Library Logo

Pioneer International University Library Catalogue

Survivors (Record no. 9908)

MARC details
000 -LEADER
fixed length control field 00399nam a22001457a 4500
003 - CONTROL NUMBER IDENTIFIER
control field OSt
005 - DATE AND TIME OF LATEST TRANSACTION
control field 20260127073424.0
008 - FIXED-LENGTH DATA ELEMENTS--GENERAL INFORMATION
fixed length control field 260127b |||||||| |||| 00| 0 eng d
020 ## - INTERNATIONAL STANDARD BOOK NUMBER
International Standard Book Number 0439669960
040 ## - CATALOGING SOURCE
Transcribing agency Scholastic, Inc
050 ## - LIBRARY OF CONGRESS CALL NUMBER
Classification number D. 804 .48 2004
245 ## - TITLE STATEMENT
Title Survivors
Remainder of title True stories of children in the Holocaust
Statement of responsibility, etc. Zullo, Allan
260 ## - PUBLICATION, DISTRIBUTION, ETC.
Place of publication, distribution, etc. New York
Name of publisher, distributor, etc. Scholastic Inc
Date of publication, distribution, etc. 2004
942 ## - ADDED ENTRY ELEMENTS (KOHA)
Source of classification or shelving scheme Dewey Decimal Classification
Koha item type Books
Suppress in OPAC No
Holdings
Withdrawn status Lost status Source of classification or shelving scheme Damaged status Not for loan Home library Current library Date acquired Total checkouts Barcode Date last seen Price effective from Koha item type
    Library of Congress Classification     PIU Library PIU Library 01/27/2026   PIUDLMUR901 02/03/2026 01/27/2026 Books